Comics and Agency / (Record no. 71323)

MARC details
000 -LEADER
fixed length control field 06613nam a22007695i 4500
005 - DATE AND TIME OF LATEST TRANSACTION
control field 20230718140419.0
006 - FIXED-LENGTH DATA ELEMENTS--ADDITIONAL MATERIAL CHARACTERISTICS
fixed length control field m|||||o||d||||||||
007 - PHYSICAL DESCRIPTION FIXED FIELD--GENERAL INFORMATION
fixed length control field cr || ||||||||
008 - FIXED-LENGTH DATA ELEMENTS--GENERAL INFORMATION
fixed length control field 221201t20222023gw fo d z eng d
020 ## - INTERNATIONAL STANDARD BOOK NUMBER
International Standard Book Number 9783110754483
040 ## - CATALOGING SOURCE
Original cataloging agency DE-B1597
Language of cataloging eng
Transcribing agency DE-B1597
Description conventions rda
041 0# - LANGUAGE CODE
Language code of text/sound track or separate title eng
050 #4 - LIBRARY OF CONGRESS CALL NUMBER
Classification number PN6700-6790
082 04 - DEWEY DECIMAL CLASSIFICATION NUMBER
Classification number 070.444
Edition number 22
245 00 - TITLE STATEMENT
Title Comics and Agency /
Statement of responsibility, etc. ed. by Jan-Noël Thon, Vanessa Ossa, Lukas R. A. Wilde.
264 #1 - PRODUCTION, PUBLICATION, DISTRIBUTION, MANUFACTURE, AND COPYRIGHT NOTICE
Place of production, publication, distribution, manufacture Berlin ;
-- Boston :
Name of producer, publisher, distributor, manufacturer De Gruyter,
Date of production, publication, distribution, manufacture, or copyright notice [2022]
264 #4 - PRODUCTION, PUBLICATION, DISTRIBUTION, MANUFACTURE, AND COPYRIGHT NOTICE
Date of production, publication, distribution, manufacture, or copyright notice ©2023
300 ## - PHYSICAL DESCRIPTION
Extent 1 online resource (VI, 305 p.)
336 ## - CONTENT TYPE
Content type term text
Content type code txt
Source rdacontent
337 ## - MEDIA TYPE
Media type term computer
Media type code c
Source rdamedia
338 ## - CARRIER TYPE
Carrier type term online resource
Carrier type code cr
Source rdacarrier
347 ## - DIGITAL FILE CHARACTERISTICS
File type text file
Encoding format PDF
Source rda
490 0# - SERIES STATEMENT
Series statement Comics Studies : Aesthetics, Histories, and Practices ;
Volume/sequential designation 1
505 00 - FORMATTED CONTENTS NOTE
Title Frontmatter --
-- Contents --
-- Comics and Agency --
-- What We Do with Comics: The Agency of Collectors in Dylan Horrock's Hicksville --
-- Tintin's Global Journey: Editors as Invisible Actors behind the Comics Industry of the 1960s --
-- How a German Publisher Appropriates Comics It Did Not Originally Publish --
-- The Agents of Doom: An Empirical Approach to Transmedia Actors --
-- Agency in the Making: Distribution and Publication as Topics in Nikolas Mahler's Die Goldgruber Chroniken and the Anthology Drawn & Quarterly --
-- Comics Artist versus Artistic Genius: Kverneland and Fiske's Approach to Artists, Metafiction, and Allusion to Contemporary Sources in Kanon --
-- Death of the Endless and Fan Projections --
-- "I Always Win": Corporate Comics, Delinquent Fans, and the Body of Richard C. Meyer --
-- Pilgrimage to Hall H: Fan Agency at Comic-Con --
-- Librarians, Agency, Young People, and Comics: Graphic Account and the Development of Graphic Novel Collections in Libraries in Britain in the 1990s --
-- Learning from Pupils about Conviviality --
-- Ada in the Jungle and Aya of Yop City: Negotiating "Africa" in Comics --
-- Telling Stories with Photo Archives: Intermedial Agency in Documentary Comics --
-- Who Controls the Speech Bubbles? Reflecting on Agency in Comic-Games --
-- Notes on Contributors --
-- Index
506 0# - RESTRICTIONS ON ACCESS NOTE
Standardized terminology for access restriction unrestricted online access
Source of term star
520 ## - SUMMARY, ETC.
Summary, etc. This volume aims to intensify the interdisciplinary dialogue on comics and related popular multimodal forms (including manga, graphic novels, and cartoons) by focusing on the concept of medial, mediated, and mediating agency. To this end, a theoretically and methodologically diverse set of contributions explores the interrelations between individual, collective, and institutional actors within historical and contemporary comics cultures. Agency is at stake when recipients resist hegemonic readings of multimodal texts. In the same manner, "authorship" can be understood as the attribution of agency of and between various medial instances and roles such as writers, artists, colorists, letterers, or editors, as well as with regard to commercial rights holders such as publishing houses or conglomerates and reviewers or fans. From this perspective, aspects of comics production (authorship and institutionalization) can be related to aspects of comics reception (appropriation and discursivation), and circulation (participation and canonization), including their potential for transmedialization and making contributions to the formation of the public sphere.
530 ## - ADDITIONAL PHYSICAL FORM AVAILABLE NOTE
Additional physical form available note Issued also in print.
538 ## - SYSTEM DETAILS NOTE
System details note Mode of access: Internet via World Wide Web.
540 ## - TERMS GOVERNING USE AND REPRODUCTION NOTE
Terms governing use and reproduction This eBook is made available Open Access under a CC BY-NC-ND 4.0 license:
Uniform Resource Identifier <a href="https://creativecommons.org/licenses/by-nc-nd/4.0 ">https://creativecommons.org/licenses/by-nc-nd/4.0 </a>
-- <a href="https://www.degruyter.com/dg/page/open-access-policy">https://www.degruyter.com/dg/page/open-access-policy</a>
546 ## - LANGUAGE NOTE
Language note In English.
588 0# - SOURCE OF DESCRIPTION NOTE
Source of description note Description based on online resource; title from PDF title page (publisher's Web site, viewed 01. Dez 2022)
650 #0 - SUBJECT ADDED ENTRY--TOPICAL TERM
Topical term or geographic name entry element Comic books, strips, etc.
General subdivision Authorship.
650 #0 - SUBJECT ADDED ENTRY--TOPICAL TERM
Topical term or geographic name entry element Comic books, strips, etc.
General subdivision History and criticism.
650 #0 - SUBJECT ADDED ENTRY--TOPICAL TERM
Topical term or geographic name entry element Comic books, strips, etc.
General subdivision Social aspects.
650 #7 - SUBJECT ADDED ENTRY--TOPICAL TERM
Topical term or geographic name entry element LITERARY CRITICISM / European / General.
Source of heading or term bisacsh
653 ## - INDEX TERM--UNCONTROLLED
Uncontrolled term agency.
653 ## - INDEX TERM--UNCONTROLLED
Uncontrolled term comics.
653 ## - INDEX TERM--UNCONTROLLED
Uncontrolled term fan culture.
653 ## - INDEX TERM--UNCONTROLLED
Uncontrolled term participatory culture.
700 1# - ADDED ENTRY--PERSONAL NAME
Personal name Ahrens, Jörn,
Relator term contributor.
Relator code ctb
-- https://id.loc.gov/vocabulary/relators/ctb
700 1# - ADDED ENTRY--PERSONAL NAME
Personal name Backe, Hans-Joachim,
Relator term contributor.
Relator code ctb
-- https://id.loc.gov/vocabulary/relators/ctb
700 1# - ADDED ENTRY--PERSONAL NAME
Personal name Becker, Romain,
Relator term contributor.
Relator code ctb
-- https://id.loc.gov/vocabulary/relators/ctb
700 1# - ADDED ENTRY--PERSONAL NAME
Personal name Bock, Anke Marie,
Relator term contributor.
Relator code ctb
-- https://id.loc.gov/vocabulary/relators/ctb
700 1# - ADDED ENTRY--PERSONAL NAME
Personal name Burton, Jessica,
Relator term contributor.
Relator code ctb
-- https://id.loc.gov/vocabulary/relators/ctb
700 1# - ADDED ENTRY--PERSONAL NAME
Personal name Eggert, Barbara Margarethe,
Relator term contributor.
Relator code ctb
-- https://id.loc.gov/vocabulary/relators/ctb
700 1# - ADDED ENTRY--PERSONAL NAME
Personal name Gibson, Mel,
Relator term contributor.
Relator code ctb
-- https://id.loc.gov/vocabulary/relators/ctb
700 1# - ADDED ENTRY--PERSONAL NAME
Personal name Glötter, Laura,
Relator term contributor.
Relator code ctb
-- https://id.loc.gov/vocabulary/relators/ctb
700 1# - ADDED ENTRY--PERSONAL NAME
Personal name Hibbett, Mark,
Relator term contributor.
Relator code ctb
-- https://id.loc.gov/vocabulary/relators/ctb
700 1# - ADDED ENTRY--PERSONAL NAME
Personal name Jenkins, Henry,
Relator term contributor.
Relator code ctb
-- https://id.loc.gov/vocabulary/relators/ctb
700 1# - ADDED ENTRY--PERSONAL NAME
Personal name Lehnerer, Cathérine,
Relator term contributor.
Relator code ctb
-- https://id.loc.gov/vocabulary/relators/ctb
700 1# - ADDED ENTRY--PERSONAL NAME
Personal name Ossa, Vanessa,
Relator term contributor.
Relator code ctb
-- https://id.loc.gov/vocabulary/relators/ctb
700 1# - ADDED ENTRY--PERSONAL NAME
Personal name Ossa, Vanessa,
Relator term editor.
Relator code edt
-- http://id.loc.gov/vocabulary/relators/edt
700 1# - ADDED ENTRY--PERSONAL NAME
Personal name Pizzino, Christopher,
Relator term contributor.
Relator code ctb
-- https://id.loc.gov/vocabulary/relators/ctb
700 1# - ADDED ENTRY--PERSONAL NAME
Personal name Schneider, Greice,
Relator term contributor.
Relator code ctb
-- https://id.loc.gov/vocabulary/relators/ctb
700 1# - ADDED ENTRY--PERSONAL NAME
Personal name Shah, Ashumi,
Relator term contributor.
Relator code ctb
-- https://id.loc.gov/vocabulary/relators/ctb
700 1# - ADDED ENTRY--PERSONAL NAME
Personal name Smith, Matthew J.,
Relator term contributor.
Relator code ctb
-- https://id.loc.gov/vocabulary/relators/ctb
700 1# - ADDED ENTRY--PERSONAL NAME
Personal name Thon, Jan-Noël,
Relator term contributor.
Relator code ctb
-- https://id.loc.gov/vocabulary/relators/ctb
700 1# - ADDED ENTRY--PERSONAL NAME
Personal name Thon, Jan-Noël,
Relator term editor.
Relator code edt
-- http://id.loc.gov/vocabulary/relators/edt
700 1# - ADDED ENTRY--PERSONAL NAME
Personal name Wilde, Lukas R. A.,
Relator term contributor.
Relator code ctb
-- https://id.loc.gov/vocabulary/relators/ctb
700 1# - ADDED ENTRY--PERSONAL NAME
Personal name Wilde, Lukas R. A.,
Relator term editor.
Relator code edt
-- http://id.loc.gov/vocabulary/relators/edt
776 0# - ADDITIONAL PHYSICAL FORM ENTRY
Qualifying information EPUB
International Standard Book Number 9783110754575
776 0# - ADDITIONAL PHYSICAL FORM ENTRY
Qualifying information print
International Standard Book Number 9783110754407
856 40 - ELECTRONIC LOCATION AND ACCESS
Uniform Resource Identifier <a href="https://doi.org/10.1515/9783110754483">https://doi.org/10.1515/9783110754483</a>
Public note Open Access
-- 0
856 40 - ELECTRONIC LOCATION AND ACCESS
Uniform Resource Identifier <a href="https://www.degruyter.com/isbn/9783110754483">https://www.degruyter.com/isbn/9783110754483</a>
Public note Open Access
-- 0
856 42 - ELECTRONIC LOCATION AND ACCESS
Materials specified Cover
Uniform Resource Identifier <a href="https://www.degruyter.com/document/cover/isbn/9783110754483/original">https://www.degruyter.com/document/cover/isbn/9783110754483/original</a>
942 ## - ADDED ENTRY ELEMENTS (KOHA)
Koha item type E-Book
Holdings
Withdrawn status Damaged status Not for loan Home library Current library Date acquired Total Checkouts Date last seen Price effective from Koha item type
      De Gruyter De Gruyter 12/29/2022   12/29/2022 12/29/2022 E-Book

University of Rizal System
Email us at univlibservices@urs.edu.ph

Visit our Website www.urs.edu.ph/library